Pioneering with wildflowers, / (Record no. 10642)
[ view plain ]
| 000 -CABECERA | |
|---|---|
| campo de control de longitud fija | 00757cam a22002291 4500 |
| 001 - NÚMERO DE CONTROL | |
| campo de control | 000010903 |
| 005 - FECHA Y HORA DE LA ÚLTIMA TRANSACCIÓN | |
| campo de control | 20200929162320.0 |
| 008 - DATOS DE LONGITUD FIJA--INFORMACIÓN GENERAL | |
| campo de control de longitud fija | 710308s1968 njua 000 0 eng |
| 010 ## - NÚMERO DE CONTROL DE LA BIBLIOTECA DEL CONGRESO | |
| Número de control de LC | 68025873 |
| 040 ## - FUENTE DE LA CATALOGACIÓN | |
| Centro catalogador/agencia de origen | DO-SdBNP |
| Centro/agencia transcriptor | DLC |
| Centro/agencia modificador | DLC |
| 043 ## - CÓDIGO DE ÁREA GEOGRÁFICA | |
| Código de área geográfica | n------ |
| 050 00 - SIGNATURA TOPOGRÁFICA DE LA BIBLIOTECA DEL CONGRESO | |
| Número de clasificación | SB439 |
| Número de documento/Ítem | .A5 1968 |
| 082 00 - NÚMERO DE LA CLASIFICACIÓN DECIMAL DEWEY | |
| Número de clasificación | 635.96/76 |
| 100 1# - ENTRADA PRINCIPAL--NOMBRE DE PERSONA | |
| Nombre de persona | Aiken, George D. |
| Forma completa/desarrollada del nombre | (George David), |
| Fechas asociadas al nombre | 1892-1984. |
| 9 (RLIN) | 26293 |
| 245 10 - MENCIÓN DE TÍTULO | |
| Título | Pioneering with wildflowers, / |
| Mención de responsabilidad, etc. | by George D. Aiken. Photos. by Charles Johnson. |
| 260 ## - PUBLICACIÓN, DISTRIBUCIÓN, ETC. | |
| Lugar de publicación, distribución, etc. | Englewood Cliffs, N.J., : |
| Nombre del editor, distribuidor, etc. | Prentice-Hall, |
| Fecha de publicación, distribución, etc. | [1968]. |
| 300 ## - DESCRIPCIÓN FÍSICA | |
| Extensión | xii, 208 p. : |
| Otras características físicas | illus. (part col.) ; |
| Dimensiones | 26 cm. |
| 350 ## - PRECIO (NR) (BK AM CF MU VM SE) [OBSOLETO] | |
| Precio | 8.95 |
| 650 #0 - PUNTO DE ACCESO ADICIONAL DE MATERIA--TÉRMINO DE MATERIA | |
| Término de materia o nombre geográfico como elemento de entrada | Wild flower gardening. |
| 9 (RLIN) | 26294 |
| 650 #0 - PUNTO DE ACCESO ADICIONAL DE MATERIA--TÉRMINO DE MATERIA | |
| Término de materia o nombre geográfico como elemento de entrada | Wild flowers |
| Subdivisión geográfica | North America. |
| 9 (RLIN) | 26295 |
| 910 ## - DATOS DE OPCIÓN DEL USUARIO (OCLC) | |
| Datos de opción del usuario | Catalogación por copia / LC |
| Estado de retiro | Estado de pérdida | Restricciones de uso | No para préstamo | Código de colección | Localización permanente | Ubicación/localización actual | Ubicación en estantería | Fecha de adquisición | Número de inventario | Total de préstamos | Signatura topográfica completa | Código de barras | Fecha visto por última vez | Precio válido a partir de | Tipo de ítem Koha |
|---|---|---|---|---|---|---|---|---|---|---|---|---|---|---|---|
| Préstamo interno | Monografías: Libros y Folletos | General | General | En catalogación | 12.10.2009 | LF1 | 635.96/76 | 10903-10 | 25.06.2020 | 25.06.2020 | Préstamo interno |
